header

Was Greek thought religious? (Record no. 22997)

MARC details
000 -LEADER
fixed length control field 01260nam a2200313Ia 4500
082 04 - DEWEY DECIMAL CLASSIFICATION NUMBER
Classification number 180
100 1# - MAIN ENTRY--AUTHOR NAME
Personal name Ruprecht, Louis A.
245 10 - TITLE STATEMENT
Title Was Greek thought religious?
260 ## - PUBLICATION, DISTRIBUTION, ETC. (IMPRINT)
Place of publication New York :
Name of publisher Palgrave/St. Martin's Press,
Year of publication 2002.
300 ## - PHYSICAL DESCRIPTION
Number of Pages xxiv, 268 p. :
Other physical details ill.
650 #0 - SUBJECT ADDED ENTRY--TOPICAL TERM
Topical Term Hellenism.
Topical Term Philosophy, Ancient.
Topical Term Philosophy and religion
Topical Term Philosophy and religion
856 40 - ELECTRONIC LOCATION AND ACCESS
Uniform Resource Identifier http://site.ebrary.com/lib/rucke/Doc?id=10022998

No items available.

© 2026 Rongo University
Contact us: librarian | system librarian | Rongo university